[Event "IECG TE.2006.P.02218 email"]
[Site "IECG email"]
[Date "2006.06.19"]
[Round "1"]
[White "Sarihan, Sefa"]
[Black "Kosinski, George"]
[Result "0-1"]
[WhiteElo "1000"]
[BlackElo "2011"]
[PlyCount "29"]
[EventDate "2006.06.19"]
[EventType "tourn (corr)"]
[EventRounds "12"]
[SourceTitle "Corr 2024"]
[Source "ChessBase"]
[SourceDate "2023.10.19"]
[SourceVersion "1"]
[SourceVersionDate "2023.10.19"]
[SourceQuality "1"]

1. d4 f5 2. e4 fxe4 3. Be3 Nf6 4. c4 e6 5. Nc3 Bb4 6. h3 Bxc3+ 7. bxc3 0-0 8. Ne2 d5 9. Ng3 Nc6 10. Be2 Qd7 11. 0-0 b6 12. cxd5 exd5 13. c4 Ne7 14. cxd5 Nfxd5 15. Nxe4 0-1

[Event "IECG TE.2005.P.01820 email"]
[Site "IECG email"]
[Date "2005.03.24"]
[Round "?"]
[White "Kosinski, George"]
[Black "Raats, Tom"]
[Result "0-1"]
[WhiteElo "2011"]
[BlackElo "1700"]
[PlyCount "20"]
[EventDate "2005.03.24"]
[EventType "tourn (corr)"]
[EventRounds "8"]
[SourceTitle "Corr 2024"]
[Source "ChessBase"]
[SourceDate "2023.10.19"]
[SourceVersion "1"]
[SourceVersionDate "2023.10.19"]
[SourceQuality "1"]

1. d4 Nf6 2. c4 c5 3. d5 b5 4. Nf3 Qa5+ 5. Nfd2 b4 6. e4 d6 7. Bd3 Nbd7 8. f4 g6 9. Qe2 Qc7 10. Nf1 Bg7 0-1

[Event "IECG TE.2005.P.01820 email"]
[Site "IECG email"]
[Date "2005.03.24"]
[Round "?"]
[White "Suwara, Kazimierz"]
[Black "Kosinski, George"]
[Result "1-0"]
[WhiteElo "1681"]
[BlackElo "2011"]
[PlyCount "43"]
[EventDate "2005.03.24"]
[EventType "tourn (corr)"]
[EventRounds "8"]
[SourceTitle "Corr 2024"]
[Source "ChessBase"]
[SourceDate "2023.10.19"]
[SourceVersion "1"]
[SourceVersionDate "2023.10.19"]
[SourceQuality "1"]

1. d4 Nf6 2. c4 c5 3. d5 b5 4. Nf3 g6 5. cxb5 a6 6. b6 Qxb6 7. Nc3 d6 8. e4 Nbd7 9. Nd2 Bg7 10. Be2 Ne5 11. b3 0-0 12. f4 Nfg4 13. fxe5 Ne3 14. Nc4 Nxd1 15. Nxb6 Nxc3 16. Nxa8 Nxe2 17. Kxe2 Bg4+ 18. Ke3 Bxe5 19. Rb1 Rxa8 20. Bb2 Bxb2 21. Rxb2 a5 22. Rc1 1-0

[Event "Vancouver 04a"]
[Site "Vancouver"]
[Date "2003.04.06"]
[Round "4"]
[White "Kosinski, George"]
[Black "Chan, James"]
[Result "1/2-1/2"]
[WhiteElo "1964"]
[BlackElo "1997"]
[PlyCount "83"]
[EventDate "2003.04.04"]
[EventType "tourn"]
[EventRounds "5"]
[EventCountry "CAN"]
[SourceTitle "EXT 2008"]
[Source "ChessBase"]
[SourceDate "2007.11.25"]
[SourceVersion "1"]
[SourceVersionDate "2007.11.25"]
[SourceQuality "1"]

1. Nf3 f5 2. g3 g6 3. Bg2 Bg7 4. 0-0 Nf6 5. d3 0-0 6. Nbd2 d6 7. Re1 e5 8. e4 Nc6 9. Nf1 fxe4 10. dxe4 Nh5 11. Bg5 Bf6 12. Bh6 Bg7 13. Bxg7 Kxg7 14. Ne3 h6 15. c3 Be6 16. Qe2 Qd7 17. b3 Rf7 18. Rad1 Raf8 19. Rd2 Bh3 20. Bh1 Nf6 21. Nh4 Ne7 22. Qd3 Nh5 23. Bg2 Kh7 24. Bxh3 Qxh3 25. Qf1 Qc8 26. Qg2 Ng8 27. Rf1 Ngf6 28. f3 Qd8 29. Qh3 Ng8 30. Rdf2 Qg5 31. Qg4 Qxg4 32. Nxg4 Ngf6 33. Ne3 Ng7 34. Kg2 Ne6 35. Kg1 Ng5 36. Kg2 Nh5 37. Ng4 Ng7 38. Ne3 N7e6 39. Rd2 Nc5 40. Re2 Nge6 41. Rc2 Ng5 42. Re2 1/2-1/2

[Event "Vancouver 04a"]
[Site "Vancouver"]
[Date "2003.04.04"]
[Round "1"]
[White "Kosinski, George"]
[Black "Griffiths, Morgan"]
[Result "1/2-1/2"]
[WhiteElo "1964"]
[BlackElo "2174"]
[PlyCount "56"]
[EventDate "2003.04.04"]
[EventType "tourn"]
[EventRounds "5"]
[EventCountry "CAN"]
[SourceTitle "EXT 2008"]
[Source "ChessBase"]
[SourceDate "2007.11.25"]
[SourceVersion "1"]
[SourceVersionDate "2007.11.25"]
[SourceQuality "1"]

1. Nf3 d5 2. g3 Nf6 3. Bg2 c6 4. 0-0 Bg4 5. d3 Nbd7 6. Nbd2 e5 7. e4 Bd6 8. Re1 0-0 9. Nf1 dxe4 10. dxe4 Nc5 11. h3 Bh5 12. Bg5 h6 13. Bxf6 Qxf6 14. b4 Bxf3 15. Bxf3 Na4 16. a3 a5 17. bxa5 Rxa5 18. Kg2 Rfa8 19. Ne3 b5 20. Qd3 Nb6 21. Qc3 Bc7 22. Red1 Ra4 23. Qc5 Nc4 24. Nf5 Re8 25. Rd7 Bb6 26. Ne7+ Kf8 27. Ng6+ Kg8 28. Ne7+ Kf8 1/2-1/2

[Event "Vancouver 02"]
[Site "Vancouver"]
[Date "2003.02.23"]
[Round "4"]
[White "Sladek, Vaclav"]
[Black "Kosinski, George"]
[Result "1/2-1/2"]
[WhiteElo "2070"]
[BlackElo "2011"]
[PlyCount "70"]
[EventDate "2003.02.21"]
[EventType "tourn"]
[EventRounds "5"]
[EventCountry "CAN"]
[SourceTitle "EXT 2008"]
[Source "ChessBase"]
[SourceDate "2007.11.25"]
[SourceVersion "1"]
[SourceVersionDate "2007.11.25"]
[SourceQuality "1"]

1. d4 d6 2. Nf3 g6 3. c4 Nf6 4. Nc3 Bg7 5. e4 0-0 6. h3 c5 7. d5 b5 8. cxb5 a6 9. b6 Qxb6 10. Be2 Ne8 11. 0-0 Nc7 12. Nd2 Nb5 13. Qb3 Nd7 14. Nxb5 axb5 15. Bxb5 Ne5 16. a4 Ba6 17. Ra3 Rfb8 18. Nb1 c4 19. Qb4 Nd3 20. Qxc4 Nxc1 21. Qxc1 Bxb5 22. axb5 Qxb5 23. Nc3 Qc4 24. Rxa8 Rxa8 25. Qc2 Bf6 26. Rc1 Rb8 27. Ra1 Bd4 28. Ra4 Qc5 29. Ra2 Rc8 30. Ra3 Kg7 31. Qd2 Rc7 32. g3 h5 33. h4 Ra7 34. Rxa7 Qxa7 35. Kg2 Qb6 1/2-1/2

[Event "Vancouver Raising The Roof Active"]
[Site "Vancouver"]
[Date "2003.02.01"]
[Round "4"]
[White "Schuetzhold, Ralf"]
[Black "Kosinski, George"]
[Result "0-1"]
[WhiteElo "1792"]
[BlackElo "1816"]
[PlyCount "64"]
[EventDate "2003.02.01"]
[EventType "tourn"]
[EventRounds "5"]
[EventCountry "CAN"]
[SourceTitle "EXT 2022"]
[Source "ChessBase"]
[SourceDate "2021.10.06"]
[SourceVersion "1"]
[SourceVersionDate "2021.10.06"]
[SourceQuality "1"]

1. e4 c5 2. Nf3 e6 3. d4 cxd4 4. Nxd4 Nf6 5. Nc3 Nc6 6. Be3 Bb4 7. Nxc6 bxc6 8. Bd3 d5 9. exd5 exd5 10. a3 Be7 11. Ne2 c5 12. c3 0-0 13. 0-0 Ng4 14. Bf4 Bd6 15. Qd2 Be6 16. Rad1 Ne5 17. Bb1 Nc4 18. Qc1 Bxf4 19. Nxf4 Qg5 20. Nd3 Qxc1 21. Rxc1 Nd2 22. Rfe1 Nxb1 23. Rxb1 c4 24. Nb4 Rac8 25. Rbd1 Rfd8 26. Rd4 Kf8 27. Red1 Rc5 28. f4 a5 29. Nc2 Rb5 30. Ne3 g6 31. R1d2 Rdb8 32. Nxd5 Rxb2 0-1

[Event "IECG TE.2001.P.00818 email"]
[Site "IECG email"]
[Date "2001.10.05"]
[Round "?"]
[White "Bleyen, Joris"]
[Black "Kosinski, George"]
[Result "1-0"]
[WhiteElo "800"]
[BlackElo "2011"]
[PlyCount "37"]
[EventDate "2001.10.05"]
[EventType "tourn (corr)"]
[EventRounds "12"]
[SourceTitle "Corr 2008"]
[Source "ChessBase"]
[SourceDate "2008.06.24"]
[SourceVersion "1"]
[SourceVersionDate "2008.06.24"]
[SourceQuality "1"]

1. e4 d6 2. d4 Nf6 3. Nc3 g6 4. Nf3 Bg7 5. Be3 0-0 6. Qd2 a6 7. Be2 b5 8. 0-0 Bb7 9. e5 Ng4 10. e6 Nxe3 11. exf7+ Rxf7 12. Qxe3 e5 13. dxe5 dxe5 14. a4 b4 15. Bc4 bxc3 16. Rad1 Qf8 17. Ng5 Bh6 18. Bxf7+ Qxf7 19. Rd8+ 1-0

[Event "IECG TE.2001.P.00602 email"]
[Site "IECG email"]
[Date "2001.03.20"]
[Round "?"]
[White "Kosinski, George"]
[Black "Hackfeld, Michael"]
[Result "1-0"]
[WhiteElo "2011"]
[BlackElo "1400"]
[PlyCount "41"]
[EventDate "2001.03.20"]
[EventType "tourn (corr)"]
[EventRounds "12"]
[SourceTitle "Corr 2008"]
[Source "ChessBase"]
[SourceDate "2008.06.24"]
[SourceVersion "1"]
[SourceVersionDate "2008.06.24"]
[SourceQuality "1"]

1. e4 c5 2. d4 cxd4 3. c3 dxc3 4. Nxc3 Nc6 5. Nf3 e6 6. Bc4 Bc5 7. 0-0 Nge7 8. Qe2 0-0 9. Bf4 f6 10. a3 d5 11. exd5 exd5 12. Rad1 Be6 13. Qxe6+ Kh8 14. Nxd5 Nxd5 15. Rxd5 Qb6 16. Rxc5 Qxc5 17. Bd6 Qb6 18. Bxf8 Rxf8 19. Nh4 Qd8 20. Ng6+ hxg6 21. Qh3# 1-0